00631nam a2200193 a 450000100060000000300090000600800410001502000150005604000280007108200140009910000210011324500700013426000740020430000100027865000300028865000350031865000420035365000420039512626CO-ViMGA141112s2004 ck r 000 u spa d a9589206344 aCO-ViMGAbspacCO-ViMGA04a371.3 S171 aHauzeur, F. Rene10aSituación de los materiales educativos en la subregión Andina aBogotá : bSecretaría Ejecutiva del Convenio Andres Bello, c1993 a141p.14aCALIDAD DE LA educación14aeducación - América LATINA14aeducación FUNDAMENTAL - METODOLOGIA14aPEDAGOGIA - MATERIALES DE ENSEÑANZA